000 01038pam a2200325 a 4500
003 OSt
005 20140310184452.0
008 860924s1987 nyua j 000 1 eng
010 _a 86025761
020 _a0688071554
020 _a0688071562 (lib. bdg.)
040 _aDLC
_cDLC
_dDLC
042 _alcac
050 0 0 _aPZ 7
_b.H389Sh 1993
100 1 _aHenkes, Kevin.
_924083
245 1 0 _aSheila Rae, the brave /
_cby Kevin Henkes.
250 _a1st ed.
260 _aNew York :
_bGreenwillow Books,
_c1993.
300 _a32 p. :
_bcol. ill. ;
_c26 cm.
521 _aG2
526 _c440
650 1 _aSisters
_xFiction.
_928117
650 1 _aCourage
_xFiction.
_928118
650 1 _aMice
_xFiction.
_928119
856 4 2 _3Publisher description
_uhttp://www.loc.gov/catdir/description/hc044/86025761.html
856 4 2 _3Contributor biographical information
_uhttp://www.loc.gov/catdir/enhancements/fy0912/86025761-b.html
906 _a7
_bcbc
_corignew
_d1
_eocip
_f19
_gy-gencatlg
942 _2lcc
_cBK-SCHOLAS
999 _c34597
_d34597